The continuum, and other types of serial order ; with an introduction to Cantor's transfinite numbers /

Guardado en:
Autor Principal: Huntington, E. V. 1874-1952.
Formato: Libro
Idioma:English
Publicado: [New York] : Dover, 1955.
Edición:2nd ed.
Etiquetas: Agregar Etiqueta
Sin Etiquetas, Sea el primero en etiquetar este registro!
LEADER 00959nam a22001815a 4500
001 MAT.inmabb001590
008 031124r19551917nyu###########000#0#eng#d
005 20130430162906.0
245 1 4 |a The continuum, and other types of serial order ;  |b with an introduction to Cantor's transfinite numbers /  |c by Edward V. Huntington. 
250 |a 2nd ed. 
260 |a [New York] :  |b Dover,  |c 1955. 
300 |a vii, 82 p. ;  |c 21 cm. 
500 |a "Unabridged and unaltered republication of the 2nd ed. published by Harvard Univ. Press in 1917". 
500 |a "The first edition of this book appeared in 1905 as a reprint from the Annals of mathematics, series 2 (vol. 6, pp. 151-184, and vol. 7, pp. 15-43), under the title: The continuum as a type of order: an exposition of the modern theory ..."--Preface to the 2nd ed. 
510 4 |a MR,  |c 16,804d 
100 1 |a Huntington, E. V.  |q (Edward Vermilye),  |d 1874-1952. 
084 |a 03Exx  |2 msc2000 
859 |h 03  |i H949  |p A-1980  |b BIB. MATEMATICA